| 000 | 02640nam0a2200469 4500 | ||
|---|---|---|---|
| 001 | RU\NLR\BIBL_A\022209032 | ||
| 005 | 20250826122319.0 | ||
| 010 |
_a978-5-4448-2211-1 _9500 |
||
| 021 |
_aRU _bКН-П-24-014349 _9КН-П-24-1501 |
||
| 035 | _a(NLR Aleph) 022209032 | ||
| 090 |
_a13067709 _c13067709 |
||
| 100 | _a20240426d2024 u y0rusy50 ca | ||
| 101 | 1 |
_arus _ceng |
|
| 102 | _aRU | ||
| 105 | _aac z 001yy | ||
| 181 | 0 |
_ai3 _baxxe |
|
| 182 | 0 | _an | |
| 200 | 1 |
_aПрощание с коммунизмом _eдетская и подростковая литература в современной России (1991-2017) _fАндреа Лану, Келли Херолд, Ольга Бухина _gперевод с английского О. Бухиной |
|
| 203 |
_aТекст _bвизуальный _cнепосредственный |
||
| 210 |
_aМосква _cНовое литературное обозрение _d2024 |
||
| 215 |
_a365 с., [6] л. ил., цв. ил., портр. _cтабл. _d21 |
||
| 225 | 1 |
_aНовое литературное обозрение. _iНаучное приложение _vвып. 262 |
|
| 225 | 1 | _aНаучная библиотека | |
| 300 | _aЗагл. и авт. ориг.: Growing out of communism / Andrea Lanoux, Kelly Herold, Olga Bukhina | ||
| 320 | _aБиблиогр.: с. 347-353 и в тексте прил.: с. 333-346 | ||
| 320 | _aПредм.-имен. указ.: с. 354-365 | ||
| 454 | 0 |
_12001#$aGrowing out of communism$fAndrea Lanoux, Kelly Herold, Olga Bukhina _1700#1$aLanoux$bA.$gAndrea _1701#1$aHerold$bK.$gKelly _1701#1$aBuchina$bO.$gOlga |
|
| 606 | 1 |
_aДетская литература _yРоссийская Федерация _2nlr_sh1 _2nlr_sh2 _3RU\NLR\AUTH\661366304 |
|
| 686 | 3 | _aШ9(2)1=Р7-3,0 | |
| 686 | 3 | _aШ9(2)1=Р8-3,0 | |
| 700 | 1 |
_aЛану _bА. _gАндреа |
|
| 701 | 1 |
_aХеролд _bК. _gКелли |
|
| 701 | 1 |
_aБухина _bО. Б. _gОльга Борисовна |
|
| 856 | 4 |
_lVNP_UCHZ _tVIEW _uhttps://webservices.nlr.ru/viewer/file?name=a022209032_002.txt _yАннотация |
|
| 856 | 4 |
_lVNP_UCHZ _tVIEW _uhttps://webservices.nlr.ru/viewer/file?name=p022209032_003.jpg _x001 _yСтраница |
|
| 856 | 4 |
_lVNP_UCHZ _tVIEW _uhttps://webservices.nlr.ru/viewer/file?name=p022209032_004.jpg _x002 _yСтраница |
|
| 856 | 4 | 1 |
_lVNP_UCHZ _tVIEW _uhttps://webservices.nlr.ru/viewer/file?name=t022209032_001.jpg _yОбложка |
| 942 | _cBOOK | ||
| 980 | 4 | _aVNP_UCHZ | |
| 980 | _aNB | ||